[Event "Mittelfranken-chTB2a 1617"]
[Site "Mittelfranken"]
[Date "2017.03.26"]
[Round "8.8"]
[White "Sawitzki, Nikolaus"]
[Black "Kiefer, Herbert"]
[Result "1-0"]
[WhiteElo "1715"]
[BlackElo "1612"]
[PlyCount "105"]
[EventDate "2016.10.23"]
[EventType "team-tourn"]
[EventRounds "9"]
[EventCountry "GER"]
[SourceTitle "EXT 2022"]
[Source "ChessBase"]
[SourceDate "2021.10.06"]
[SourceVersion "1"]
[SourceVersionDate "2021.10.06"]
[SourceQuality "1"]
[WhiteTeam "Fuerth SG"]
[BlackTeam "Bad Windsheim/Ansbach"]
[WhiteTeamCountry "GER"]
[BlackTeamCountry "GER"]

1. e4 c5 2. Bc4 e6 3. Nc3 a6 4. d3 b5 5. Bb3 Bb7 6. Nf3 Be7 7. a3 Nc6 8. 0-0 Bf6 9. h3 Nge7 10. Nh2 Ng6 11. Ng4 Bd4 12. Ne2 h5 13. Nh2 Qf6 14. c3 Be5 15. f4 Bc7 16. f5 Bxh2+ 17. Kxh2 Qe5+ 18. Kg1 c4 19. fxg6 cxb3 20. gxf7+ Kf8 21. Bf4 Qc5+ 22. d4 Qc4 23. Bd6+ Ne7 24. e5 Rh6 25. Rf2 Be4 26. Qd2 Rg6 27. Nf4 Rh6 28. Qe3 Qc6 29. Re1 Bf5 30. Qg3 Kxf7 31. Qg5 Re8 32. Nxh5 Rg6 33. Qh4 Nc8 34. Ng3 Nxd6 35. exd6 Qa8 36. Nxf5 exf5 37. Rxf5+ Kg8 38. Rxe8+ Qxe8 39. Qe7 Re6 40. Qxe8+ Rxe8 41. Kf2 Re6 42. Rd5 Kf7 43. Kf3 Kf6 44. g4 Re1 45. Re5 Rxe5 46. dxe5+ Kxe5 47. h4 Kxd6 48. Kf4 Ke6 49. h5 a5 50. g5 d5 51. h6 gxh6 52. gxh6 Kf7 53. Ke5 1-0

[Event "Mittelfranken-chTB2a 1617"]
[Site "Mittelfranken"]
[Date "2016.10.23"]
[Round "1.8"]
[White "Koerber, Christian"]
[Black "Kiefer, Herbert"]
[Result "1-0"]
[WhiteElo "1700"]
[BlackElo "1612"]
[PlyCount "25"]
[EventDate "2016.10.23"]
[EventType "team-tourn"]
[EventRounds "9"]
[EventCountry "GER"]
[SourceTitle "EXT 2022"]
[Source "ChessBase"]
[SourceDate "2021.10.06"]
[SourceVersion "1"]
[SourceVersionDate "2021.10.06"]
[SourceQuality "1"]
[WhiteTeam "Nuernberg Sued SW IV"]
[BlackTeam "Bad Windsheim/Ansbach"]
[WhiteTeamCountry "GER"]
[BlackTeamCountry "GER"]

1. d4 d5 2. Nf3 Nf6 3. e3 Bg4 4. c4 dxc4 5. Bxc4 e6 6. Qb3 b6 7. Ne5 Bd6 8. Bb5+ Nbd7 9. Qa4 a5 10. Bc6 Rb8 11. Nc3 Bf5 12. e4 Bg6 13. Bg5 1-0

[Event "Arber op Seniors 4th"]
[Site "Bodenmais"]
[Date "2016.08.06"]
[Round "8"]
[White "Kiefer, Herbert"]
[Black "Conitz, Helmut"]
[Result "1-0"]
[WhiteElo "1866"]
[BlackElo "1587"]
[PlyCount "77"]
[EventDate "2016.07.30"]
[EventType "swiss"]
[EventRounds "9"]
[EventCountry "GER"]
[SourceTitle "EXT 2017"]
[Source "ChessBase"]
[SourceDate "2016.10.25"]
[SourceVersion "1"]
[SourceVersionDate "2016.10.25"]
[SourceQuality "1"]

1. Nc3 Nf6 2. e4 e5 3. Nf3 d6 4. d4 exd4 5. Qxd4 c5 6. Qa4+ Bd7 7. Bb5 a6 8. Bxd7+ Qxd7 9. Qxd7+ Nbxd7 10. 0-0 h6 11. Re1 Ne5 12. Nh4 0-0-0 13. f4 Ned7 14. Bd2 b6 15. a4 g6 16. Re2 Bg7 17. Rae1 Kc7 18. Nf3 Nb8 19. e5 dxe5 20. Nxe5 Rhf8 21. h3 Nbd7 22. Nc4 Rfe8 23. Rxe8 Rxe8 24. Nd5+ Kd8 25. Rxe8+ Nxe8 26. c3 b5 27. axb5 axb5 28. Nce3 Nd6 29. b3 Ne4 30. Be1 f5 31. Kf1 Ndf6 32. Nxf6 Kc8 33. Nxe4 fxe4 34. Ke2 Kd7 35. g4 Ke6 36. c4 b4 37. Nd5 Bd4 38. Bf2 Bxf2 39. Kxf2 1-0

[Event "Arber op Seniors 4th"]
[Site "Bodenmais"]
[Date "2016.07.30"]
[Round "1"]
[White "Kiefer, Herbert"]
[Black "Hilbig, Dieter"]
[Result "0-1"]
[WhiteElo "1866"]
[BlackElo "2014"]
[PlyCount "90"]
[EventDate "2016.07.30"]
[EventType "swiss"]
[EventRounds "9"]
[EventCountry "GER"]
[SourceTitle "EXT 2017"]
[Source "ChessBase"]
[SourceDate "2016.10.25"]
[SourceVersion "1"]
[SourceVersionDate "2016.10.25"]
[SourceQuality "1"]

1. Nc3 d5 2. e4 dxe4 3. Nxe4 g6 4. d4 Bg7 5. c3 Nd7 6. Nf3 Ngf6 7. Bd3 0-0 8. 0-0 Nxe4 9. Bxe4 Nf6 10. Bc2 Bd7 11. Re1 c6 12. Bg5 Bg4 13. h3 Be6 14. Qd2 Re8 15. Qf4 Bd5 16. Nh2 Nh5 17. Qd2 Qd6 18. g4 Nf6 19. Bf4 Qd8 20. Be5 Nd7 21. Bxg7 Kxg7 22. g5 e5 23. Ng4 Bf3 24. Nh6 f6 25. h4 Nb6 26. Qe3 e4 27. Qf4 Nd5 28. Qg3 f5 29. Bd1 Bxd1 30. Raxd1 Qc7 31. Qxc7+ Nxc7 32. Kg2 Nd5 33. Kg3 Re7 34. f4 Rd8 35. a3 Red7 36. h5 Nb6 37. hxg6 hxg6 38. a4 Nxa4 39. Ra1 b5 40. Reb1 c5 41. dxc5 Nxc5 42. b4 Na4 43. c4 Rd2 44. Ra3 bxc4 45. Re3 Ra2 0-1

[Event "Arber op Seniors 1st"]
[Site "Bayerisch Eisenstein"]
[Date "2013.07.06"]
[Round "8"]
[White "Sotter Klundt, Gerlinde"]
[Black "Kiefer, Herbert"]
[Result "1/2-1/2"]
[WhiteElo "1771"]
[BlackElo "1894"]
[PlyCount "73"]
[EventDate "2013.06.29"]
[EventType "swiss"]
[EventRounds "9"]
[EventCountry "GER"]
[SourceTitle "EXT 2014"]
[Source "ChessBase"]
[SourceDate "2013.11.20"]
[SourceVersion "1"]
[SourceVersionDate "2013.11.20"]
[SourceQuality "1"]

1. d4 d5 2. c4 dxc4 3. e3 e6 4. Bxc4 c5 5. Nf3 Nf6 6. 0-0 Be7 7. Nc3 cxd4 8. Nxd4 a6 9. Qc2 Qc7 10. Bd3 0-0 11. Ne4 Qxc2 12. Bxc2 Nbd7 13. Bd2 Nd5 14. a3 N7b6 15. Bb3 Bd7 16. Rac1 Rac8 17. Rxc8 Rxc8 18. Rc1 Rxc1+ 19. Bxc1 a5 20. Bd2 a4 21. Ba2 Kf8 22. Nc3 Nxc3 23. Bxc3 Nd5 24. Bxd5 exd5 25. Kf1 Ke8 26. Ke2 f6 27. Kd2 g5 28. f3 h5 29. Ke2 Kf7 30. Kf2 f5 31. f4 g4 32. g3 Kg6 33. Ke2 Bc5 34. Kf2 Kf7 35. Ke2 Ke8 36. Kd2 Be7 37. Kd1 1/2-1/2

[Event "Bad Griesbach Seniors op 14th"]
[Site "Bad Griesbach"]
[Date "2011.12.07"]
[Round "4"]
[White "Wawrinsky, Ludwig"]
[Black "Kiefer, Herbert"]
[Result "1-0"]
[WhiteElo "1749"]
[BlackElo "1727"]
[PlyCount "84"]
[EventDate "2011.12.04"]
[EventType "swiss"]
[EventRounds "7"]
[EventCountry "GER"]
[SourceTitle "EXT 2015"]
[Source "ChessBase"]
[SourceDate "2014.11.20"]
[SourceVersion "1"]
[SourceVersionDate "2014.11.20"]
[SourceQuality "1"]

1. e4 c5 2. d3 d6 3. g3 g6 4. f4 Bg7 5. Bg2 Nf6 6. Nf3 Nc6 7. c3 Qb6 8. Na3 Be6 9. Qe2 0-0 10. 0-0 Bg4 11. h3 Bxf3 12. Qxf3 c4+ 13. d4 Na5 14. Qe2 Rac8 15. Kh2 e6 16. Be3 Qd8 17. Rad1 d5 18. e5 Ne8 19. Bc1 Nc7 20. Nc2 Nc6 21. Ne3 b5 22. g4 Ne7 23. f5 exf5 24. gxf5 Bh6 25. f6 Nc6 26. Nxd5 Nxd5 27. Bxh6 Re8 28. Qf3 Nb6 29. Qg3 Qd7 30. Qh4 Nd8 31. Bc1 Kh8 32. Qh6 Rg8 33. Rf4 Ne6 34. Rh4 Nf8 35. Qg5 Qf5 36. Qg3 Qc2 37. Rf1 h5 38. Kh1 Nh7 39. Be4 Qe2 40. Re1 Qxe1+ 41. Qxe1 Rgd8 42. Qe2 Kg8 1-0

[Event "Bayern-ch Seniors 23rd"]
[Site "Bergen"]
[Date "2011.06.04"]
[Round "8"]
[White "Oser, Thor"]
[Black "Kiefer, Herbert"]
[Result "1-0"]
[WhiteElo "1652"]
[BlackElo "1732"]
[PlyCount "103"]
[EventDate "2011.05.28"]
[EventType "swiss"]
[EventRounds "9"]
[EventCountry "GER"]
[SourceTitle "EXT 2012"]
[Source "ChessBase"]
[SourceDate "2011.11.24"]
[SourceVersion "1"]
[SourceVersionDate "2011.11.24"]
[SourceQuality "1"]

1. e4 c5 2. Nf3 d6 3. h3 Nf6 4. d3 b6 5. c4 Bb7 6. Nc3 Nbd7 7. g3 g6 8. Bg2 Bg7 9. 0-0 0-0 10. Be3 Rb8 11. Qd2 a6 12. a4 Qc7 13. Bh6 e6 14. Bxg7 Kxg7 15. Ne1 Rbd8 16. f4 Ng8 17. Nf3 d5 18. exd5 exd5 19. cxd5 Ndf6 20. Ne1 Nxd5 21. Nxd5 Bxd5 22. Bxd5 Rxd5 23. Rc1 Rfd8 24. Qc3+ f6 25. Rf2 Ne7 26. b4 Qa7 27. g4 h6 28. h4 Qd7 29. Rg2 Rd4 30. bxc5 bxc5 31. g5 hxg5 32. fxg5 Qf5 33. gxf6+ Qxf6 34. h5 R8d5 35. h6+ Kxh6 36. Nc2 Rf4 37. Qxf6 Rxf6 38. Ne3 Rxd3 39. Ng4+ Kg7 40. Nxf6 Kxf6 41. Rxc5 Rd6 42. Rf2+ Nf5 43. Rfc2 Nd4 44. R2c4 Ke6 45. Kf2 Kd7 46. Rc7+ Ke6 47. Ke3 Nf5+ 48. Kf4 Ne7 49. Re4+ Kd5 50. Rcxe7 Kc5 51. R7e6 Kc6 52. Rxd6+ 1-0

[Event "Bayern-ch Seniors 23rd"]
[Site "Bergen"]
[Date "2011.06.01"]
[Round "5"]
[White "Malik, Heinz"]
[Black "Kiefer, Herbert"]
[Result "1/2-1/2"]
[WhiteElo "1614"]
[BlackElo "1732"]
[PlyCount "107"]
[EventDate "2011.05.28"]
[EventType "swiss"]
[EventRounds "9"]
[EventCountry "GER"]
[SourceTitle "EXT 2012"]
[Source "ChessBase"]
[SourceDate "2011.11.24"]
[SourceVersion "1"]
[SourceVersionDate "2011.11.24"]
[SourceQuality "1"]

1. d4 d5 2. c4 dxc4 3. Nc3 e6 4. e3 a6 5. Bxc4 b5 6. Bd3 Bb7 7. Nf3 c5 8. dxc5 Bxc5 9. 0-0 Nf6 10. a3 0-0 11. b4 Be7 12. Bb2 Nc6 13. Rc1 Rc8 14. Qe2 Qb6 15. Ne4 Nxe4 16. Bxe4 f5 17. Bb1 Rce8 18. Ne5 Nxe5 19. Bxe5 Bd5 20. Bd4 Qb7 21. f3 Bf6 22. Bxf6 Rxf6 23. Rf2 Rc8 24. Rxc8+ Qxc8 25. Qc2 Qb8 26. Qc5 Rf8 27. Rc2 Bc4 28. f4 Rd8 29. Ba2 Rd1+ 30. Kf2 Rf1+ 31. Kg3 Bxa2 32. Rxa2 g5 33. Qe5 Qxe5 34. fxe5 h5 35. h3 h4+ 36. Kh2 Re1 37. Rc2 Rxe3 38. Rc6 Rxe5 39. Rxa6 g4 40. hxg4 fxg4 41. Ra7 Re3 42. Re7 Re2 43. Kg1 g3 44. Kf1 Rf2+ 45. Kg1 Ra2 46. Kf1 Rxa3 47. Rxe6 Ra1+ 48. Ke2 Ra2+ 49. Kf3 Rb2 50. Re4 Rf2+ 51. Ke3 Rxg2 52. Rxh4 Rb2 53. Kf3 g2 54. Rg4+ 1/2-1/2

[Event "Nuremberg Zabo op 11th"]
[Site "Nuremberg"]
[Date "2009.09.20"]
[Round "4"]
[White "Kiefer, Herbert"]
[Black "Walter, Florian"]
[Result "0-1"]
[WhiteElo "1770"]
[BlackElo "1894"]
[PlyCount "179"]
[EventDate "2009.09.18"]
[EventType "swiss"]
[EventRounds "5"]
[EventCountry "GER"]
[SourceTitle "EXT 2012"]
[Source "ChessBase"]
[SourceDate "2011.11.24"]
[SourceVersion "1"]
[SourceVersionDate "2011.11.24"]
[SourceQuality "1"]

1. Nf3 d6 2. d4 g6 3. c4 Bg7 4. Nc3 Nd7 5. e4 c5 6. Be3 b6 7. Qc2 cxd4 8. Nxd4 Bb7 9. Rd1 Rc8 10. b3 Ngf6 11. Be2 0-0 12. 0-0 a6 13. a4 Nc5 14. Bf3 Qe8 15. Nd5 Ncd7 16. Qb1 Qd8 17. Rfe1 Ne5 18. Nxf6+ Bxf6 19. Be2 Bg7 20. f4 Nd7 21. Nf3 Qc7 22. Rc1 Nc5 23. Nd2 Qb8 24. Bd1 Qa8 25. Bf3 Rc7 26. Bf2 Rfc8 27. f5 Nd7 28. h4 Bh6 29. Be3 Bxe3+ 30. Rxe3 Ne5 31. fxg6 hxg6 32. Rce1 Kg7 33. Qb2 b5 34. axb5 axb5 35. Kf1 Kg8 36. Ra1 Qb8 37. Be2 Ba8 38. Rb1 Qb6 39. Rg3 bxc4 40. bxc4 Qxb2 41. Rxb2 Bb7 42. Ra3 Bc6 43. Rab3 Bd7 44. Rb8 Be6 45. Rxc8+ Rxc8 46. Rb4 Ra8 47. Rb2 Ra4 48. Rc2 Nd7 49. Kf2 Ra3 50. Nf3 Nc5 51. Nd2 Kg7 52. g3 Kf6 53. Bf1 Ke5 54. Bg2 Kd4 55. Nf3+ Kxe4 56. Re2+ Kf5 57. Bh3+ Kf6 58. Bxe6 Nxe6 59. g4 Rd3 60. Ra2 Rc3 61. Ra4 Nc5 62. g5+ Kf5 63. Ra7 Kg4 64. Nd2 Nd3+ 65. Ke2 Kxh4 66. Rxe7 Ne5 67. Ne4 Rc2+ 68. Ke3 Nxc4+ 69. Kd3 Rc1 70. Ke2 d5 71. Nf2 Rc2+ 72. Kf1 Kxg5 73. Rxf7 d4 74. Ne4+ Kg4 75. Rg7 Kf4 76. Nf2 Ne3+ 77. Kg1 g5 78. Rf7+ Kg3 79. Ne4+ Kh3 80. Rh7+ Kg4 81. Nf2+ Kf3 82. Rf7+ Ke2 83. Ne4 g4 84. Rf2+ Kd3 85. Rxc2 Kxc2 86. Kf2 Kd3 87. Nf6 Kc4 88. Ke2 g3 89. Ne4 g2 90. Nd2+ 0-1

[Event "Bad Griesbach Seniors op 11th"]
[Site "Bad Griesbach"]
[Date "2008.12.08"]
[Round "2"]
[White "Kiefer, Herbert"]
[Black "Farago, Ivan"]
[Result "0-1"]
[WhiteElo "1789"]
[BlackElo "2440"]
[PlyCount "76"]
[EventDate "2008.12.07"]
[EventType "swiss"]
[EventRounds "7"]
[EventCountry "GER"]
[SourceTitle "EXT 2015"]
[Source "ChessBase"]
[SourceDate "2014.11.20"]
[SourceVersion "1"]
[SourceVersionDate "2014.11.20"]
[SourceQuality "1"]

1. Nf3 Nf6 2. c4 b6 3. d4 e6 4. Nc3 Bb4 5. Bg5 h6 6. Bxf6 Qxf6 7. a3 Bxc3+ 8. bxc3 Bb7 9. Qd3 d6 10. e4 Nd7 11. Nd2 e5 12. Be2 exd4 13. cxd4 Nc5 14. Qe3 Ne6 15. Nb3 Qf4 16. Nd2 0-0 17. 0-0 Qxe3 18. fxe3 Rae8 19. Bd3 Ng5 20. d5 f5 21. exf5 Rxe3 22. Bc2 Ba6 23. Rf2 Rfe8 24. h4 Nh7 25. Ba4 Re1+ 26. Rf1 Rxa1 27. Rxa1 Re2 28. Rd1 Nf6 29. Bc2 Bxc4 30. Nxc4 Rxc2 31. Rd4 Nxd5 32. Nxd6 Ne3 33. Nb5 a6 34. Rd8+ Kh7 35. Nd4 Rxg2+ 36. Kh1 Rd2 37. f6 Rd1+ 38. Kh2 Ng4+ 0-1

[Event "Nuremberg Zabo op 10th"]
[Site "Nuremberg"]
[Date "2008.09.20"]
[Round "2"]
[White "Krauss, Josef"]
[Black "Kiefer, Herbert"]
[Result "1/2-1/2"]
[WhiteElo "2022"]
[BlackElo "1813"]
[PlyCount "79"]
[EventDate "2008.09.19"]
[EventType "swiss"]
[EventRounds "5"]
[EventCountry "GER"]
[SourceTitle "EXT 2012"]
[Source "ChessBase"]
[SourceDate "2011.11.24"]
[SourceVersion "1"]
[SourceVersionDate "2011.11.24"]
[SourceQuality "1"]

1. e4 c5 2. c3 d6 3. d4 cxd4 4. cxd4 Nf6 5. Nc3 g6 6. Nf3 Bg7 7. Be3 0-0 8. h3 Nc6 9. Bd3 e5 10. Qd2 exd4 11. Nxd4 Nd7 12. Nb3 Re8 13. 0-0 Nde5 14. Rfd1 Bxh3 15. Be2 Be6 16. Qxd6 Qxd6 17. Rxd6 Bf8 18. Rd2 Nc4 19. Bxc4 Bxc4 20. Rd7 b6 21. f3 Ne5 22. Rd2 Red8 23. Rad1 Rxd2 24. Rxd2 Be6 25. Rd1 Nc4 26. Bc1 a5 27. Nd4 Bc5 28. Kh1 Rd8 29. Nxe6 Rxd1+ 30. Nxd1 fxe6 31. b3 Ne5 32. Be3 Nd3 33. Bxc5 Nxc5 34. Nb2 Kf7 35. Nc4 Nd7 36. Kg1 e5 37. Kf2 Ke6 38. Kg3 Kf6 39. Kh4 Kg7 40. Kg5 1/2-1/2

[Event "Bad Griesbach Seniors op 09th"]
[Site "Bad Griesbach"]
[Date "2006.12.08"]
[Round "6"]
[White "Kiefer, Herbert"]
[Black "Boldt, Heinrich"]
[Result "0-1"]
[WhiteElo "1784"]
[BlackElo "1778"]
[PlyCount "81"]
[EventDate "2006.12.03"]
[EventType "swiss"]
[EventRounds "7"]
[EventCountry "GER"]
[SourceTitle "EXT 2015"]
[Source "ChessBase"]
[SourceDate "2014.11.20"]
[SourceVersion "1"]
[SourceVersionDate "2014.11.20"]
[SourceQuality "1"]

1. Nf3 c5 2. c4 Nc6 3. d4 cxd4 4. Nxd4 g6 5. e4 Bg7 6. Nf3 Nf6 7. Nc3 d6 8. Be2 Bd7 9. 0-0 Rc8 10. Bd2 0-0 11. Rc1 Ng4 12. Ng5 Nh6 13. Be3 Ne5 14. b3 Nhg4 15. Bxg4 Nxg4 16. Bf4 h6 17. Nf3 Nf6 18. h3 g5 19. Be3 Qa5 20. Nd4 g4 21. h4 Qe5 22. f4 gxf3 23. Qxf3 Ng4 24. g3 Nxe3 25. Qxe3 Qxd4 26. Qxd4 Bxd4+ 27. Kh2 Bxc3 28. Rxc3 b5 29. Rg1 bxc4 30. bxc4 Rb8 31. Rc2 Rfc8 32. Kg2 h5 33. Kf2 Rb4 34. Ke3 Kg7 35. Kd4 Be6 36. Kd3 Rc5 37. a3 Rb1 38. Ke3 Ra1 39. Kd2 Ra5 40. c5 dxc5 41. Rxc5 0-1

[Event "Bad Griesbach Seniors op 09th"]
[Site "Bad Griesbach"]
[Date "2006.12.07"]
[Round "5"]
[White "Mahrla, Hans"]
[Black "Kiefer, Herbert"]
[Result "1/2-1/2"]
[WhiteElo "1713"]
[BlackElo "1784"]
[PlyCount "98"]
[EventDate "2006.12.03"]
[EventType "swiss"]
[EventRounds "7"]
[EventCountry "GER"]
[SourceTitle "EXT 2015"]
[Source "ChessBase"]
[SourceDate "2014.11.20"]
[SourceVersion "1"]
[SourceVersionDate "2014.11.20"]
[SourceQuality "1"]

1. e4 c5 2. Nf3 d6 3. Nc3 Nf6 4. d4 cxd4 5. Nxd4 a6 6. Be3 b5 7. a3 Bb7 8. f3 Nbd7 9. Be2 e6 10. 0-0 Rc8 11. Rc1 Ne5 12. Rb1 Nc4 13. Bf2 Nxb2 14. Rxb2 Rxc3 15. Rb3 Rxb3 16. cxb3 Be7 17. a4 bxa4 18. bxa4 0-0 19. Qb3 Bc8 20. Nc6 Qd7 21. Qb6 Bd8 22. Nxd8 Qxd8 23. Qxd8 Rxd8 24. Rc1 Bd7 25. a5 Bb5 26. Bxb5 axb5 27. Rb1 Ra8 28. Rxb5 h6 29. Bb6 d5 30. exd5 Nxd5 31. Bd4 f6 32. Kf2 Kf7 33. Rb7+ Kg6 34. Ra7 Rxa7 35. Bxa7 Nc7 36. Bb6 Na6 37. g4 f5 38. Bd4 Kf7 39. gxf5 exf5 40. f4 g5 41. h3 Kg6 42. Kf3 Nb4 43. Bf2 Kh5 44. fxg5 hxg5 45. Kg2 g4 46. hxg4+ Kxg4 47. Bb6 Kf4 48. Bc7+ Ke4 49. Kg3 Na6 1/2-1/2